[Event "Motor City op"]
[Site "Warren"]
[Date "2000.11.25"]
[Round "3"]
[White "Forte, Joe"]
[Black "Yang, Yinghan"]
[Result "1-0"]
[WhiteElo "1885"]
[BlackElo "1579"]
[PlyCount "39"]
[EventDate "2000.11.24"]
[EventType "swiss"]
[EventRounds "7"]
[EventCountry "USA"]
[SourceTitle "EXT 2009"]
[Source "ChessBase"]
[SourceDate "2008.11.26"]
[SourceVersion "1"]
[SourceVersionDate "2008.11.26"]
[SourceQuality "1"]

1. d4 Nf6 2. c4 e6 3. Nc3 Bb4 4. a3 Bxc3+ 5. bxc3 0-0 6. Nf3 d6 7. Qc2 c5 8. e4 b6 9. e5 dxe5 10. dxe5 Ne8 11. Qe4 Nc7 12. Ng5 g6 13. Nf3 Qd7 14. Bh6 Rd8 15. Bg5 Rf8 16. Be2 Qc6 17. Qh4 Nd7 18. Be7 Bb7 19. Ng5 h5 20. Bf3 1-0